| Поле | Инд. | ПП | Название | Значение |
|---|---|---|---|---|
| Тип записи | a | |||
| Библиографический уровень | m | |||
| 001 | Контрольный номер | 185bde06-af4c-11da-b02a-008048b56a28 | ||
| 005 | Дата корректировки | 20140703143340.7 | ||
| 008 | Кодируемые данные | 060309 | ||
| 020 | a | ISBN | 5-8291-0616-7 (академический Проект) | |
| a | ISBN | 5-902357-33-0 (Фонд "Мир") | ||
| c | Цена, тираж | 130.00 | ||
| 040 | a | Служба первич. каталог. | НБ ТвГУ | |
| 041 | a | Код языка текста | rus | |
| 080 | a | Индекс УДК | 531.19(075.8) | |
| a | Индекс УДК | 536(075.8) | ||
| 084 | a | Индекс другой классификации/Индекс ББК | В317я73-1 | |
| 090 | x | Авторский знак | М82 | |
| a | Полочн. индекс | В317 | ||
| 100 | 1_ | a | Автор | Московский Сергей Борисович |
| 245 | 10 | a | Заглавие | Курс статистической физики и термодинамики |
| b | Продолж. заглавия | учеб. для студентов вузов, обучающихся по специальности 032200 - физика | ||
| c | Ответственность | С. Б. Московский ; Яросл. гос. пед. ун-т им. К. Д. Ушинского | ||
| 260 | 0_ | a | Место издания | Москва |
| b | Издательство | Фонд "Мир" | ||
| b | Издательство | Академический проект | ||
| c | Дата издания | 2005 | ||
| 300 | a | Объем | 315, [1] с. | |
| b | Иллюстрации/ тип воспроизводства | ил. | ||
| 440 | a | Серия | Gaudeamus | |
| 504 | a | Библиография | Алф. указ.: с. 310-313. | |
| 583 | a | Действие | Получение впервые 71 03.03.2006 | |
| k | Исполнитель действия | Дар ООО"Книжный мир" | ||
| 650 | a | Основная рубрика | Физика теоретическая | |
| 650 | a | Основная рубрика | Статистическая физика | |
| 650 | a | Основная рубрика | Термодинамика | |
| 653 | a | Ключевые слова | Статистическая физика | |
| a | Ключевые слова | Термодинамика | ||
| 852 | t | Порядковый номер экземпляра | 1 | |
| p | Инвентарный номер | 834998 | ||
| 863 | t | 00112213 | ||
| 888 | a | Бесплатные | ||
| 930 | a | Новая/Ретро | учебники | |
| 952 | p | 71.2006 130.00 1 834998 | ||
| c | Вид литературы | К ру | ||
| 954 | a | Дата поступления на обработку | 20060401 | |
| 999 | a | Подразделение 2 | Фил3 |